| 000 | 01162nac a22003377a 4500 | ||
|---|---|---|---|
| 001 | BR2018000080 | ||
| 003 | BR-BrBNA | ||
| 005 | 20240105124050.0 | ||
| 008 | 230509b bl.|||m| |||| 00| 0 por d | ||
| 040 |
_aBR-BrBNA _bpor _cBiblioteca Nacional de Agricultura |
||
| 072 | _aL02; Q54 | ||
| 090 | _a5214 BR2018000080 | ||
| 100 | 1 | _aFagundes, G.M. | |
| 100 | 1 | _aSoares, J.P.G. | |
| 100 | 1 | _aLeal, M.A. de A. | |
| 100 | 1 | _aAlmeida, D.L. de | |
| 100 | 1 | _aCosta, J.R. | |
| 110 | 1 |
_aEMBRAPA Agrobiologia, Seropédica, RJ (Brasil) _93531 |
|
| 245 | 1 | _aProdução e valor nutritivo de pastagens orgânicas de capim-tanzânia em monocultivo e consorciado com calopogônio para rebanho leiteiro | |
| 260 | 3 |
_aSeropédica, RJ (Brasil): _c2012. |
|
| 300 | _a20 p. | ||
| 490 |
_aBoletim de Pesquisa e Desenvolvimento - EMBRAPA Agrobiologia (Brazil) _vno. 89 _xISSN 1676-6709 |
||
| 500 | _aSummaries (En, Pt); 24 ref. | ||
| 650 | _aCAPIM COLONIÃO | ||
| 650 | _aVALOR NUTRITIVO | ||
| 650 | _aCALOPOGÔNIO | ||
| 650 | _aCONSORCIAÇÃO DE CULTURA | ||
| 650 | _aMONOCULTURA | ||
| 909 |
_a202312 _bLúcia Elande _c55 _dLúcia Elande |
||
| 942 |
_2AGRIS _n0 _cMS |
||
| 999 |
_c298216 _d298216 |
||